El gobierno de los estados en la república norteamericana

Na minha lista:
Detalhes bibliográficos
Autor principal: Bryce, James (Author)
Formato: Livro
Idioma:espanhol
Publicado em: Madrid, España La España Moderna 1900
Assuntos:
Tags: Adicionar Tag
Sem tags, seja o primeiro a adicionar uma tag!

MARC

LEADER 00000nam a2200000 a 4500
001 UCO1059
003 CL-VaPUC
005 20240906145234.0
008 000505e19000000SP |||||||||||||||||spa|d
999 |c 287692  |d 287690 
040 |c Pontificia Universidad Católica de Valparaíso 
082 0 4 |a 320.973 BRY 1900  |2 21 
100 0 |a Bryce, James  |e author  |9 442829 
245 1 3 |a El gobierno de los estados en la república norteamericana 
260 |a Madrid, España  |b La España Moderna  |c 1900 
300 |a 404 páginas 
583 |a last modification  |c 20000505 00:00:00  |k Rodrigo Vera 
650 0 |a Instituciones políticas  |z ESTADOS UNIDOS  |9 255506 
650 0 |a Política y gobierno  |z ESTADOS UNIDOS  |9 255151 
650 0 |a Gobierno local  |z ESTADOS UNIDOS  |9 258648 
650 7 |a SISTEMA FEDERAL  |2 CL-VaPUC  |9 403334  |z ESTADOS UNIDOS 
650 0 |a Poderes del estado  |z ESTADOS UNIDOS  |9 377457 
852 |a BIBCUR 
942 |c BK  |2 ddc 
945 |d 20000505 00:00:00  |a crobeson 
952 |0 0  |1 0  |2 ddc  |4 0  |6 320_973000000000000_BRY_1900  |7 0  |8 X  |9 334651  |a BIBHIS  |b BIBHIS  |d 2019-11-20  |i 1273337  |o 320.973 BRY 1900  |p 1273337  |r 2024-01-30  |t 1  |w 2019-11-20  |y BK_X  |k HIS